[Event "17th BCC Open 2018"]
[Site "Bangkok THA"]
[Date "2017.04.10"]
[Round "3.5"]
[White "Andyka,Pitra"]
[Black "Sengupta,D"]
[Result "0-1"]
[WhiteElo "2373"]
[BlackElo "2583"]

1.e4 e5 2.Nf3 Nc6 3.Bb5 a6 4.Ba4 Nf6 5.O-O Be7 6.Re1 b5 7.Bb3 d6 8.c3 O-O 9.d4
Bg4 10.Be3 exd4 11.cxd4 Na5 12.Bc2 Nc4 13.Bc1 c5 14.b3 Nb6 15.Nbd2 Re8 16.h3
Bh5 17.Bb2 Nfd7 18.e5 cxd4 19.Qb1 Nf8 20.exd6 Bxd6 21.Rxe8 Qxe8 22.Bxd4 Nbd7
23.Qb2 Ne6 24.Re1 Qf8 25.Rxe6 fxe6 26.Ng5 Bg6 27.Bxg6 hxg6 28.Ndf3 Rc8 29.Qd2
Bf4 30.Be3 Bxe3 31.Qxe3 Qd6 32.g3 Qd5 33.Nxe6 Re8 34.Nfg5 Qf5 35.g4 Qf6 36.Qa7
Rxe6 37.Qa8+ Nf8 {#R} 0-1

[Event "17th BCC Open 2018"]
[Site "Bangkok THA"]
[Date "2017.04.10"]
[Round "3.6"]
[White "Bindrich,F"]
[Black "Duong The Anh"]
[Result "1-0"]
[WhiteElo "2582"]
[BlackElo "2335"]

1.d4 e6 2.g3 f5 3.Bg2 Nf6 4.Nh3 d6 5.O-O Be7 6.c4 O-O 7.Nc3 c6 8.b4 e5 9.b5 a6
10.bxc6 Nxc6 11.e3 Bd7 12.Rb1 Rb8 13.Ba3 h6 14.c5 Qc7 15.cxd6 Bxd6 16.dxe5
Bxa3 17.exf6 Be6 18.Nf4 Bf7 19.fxg7 Rfd8 20.Qa4 Bc5 21.Ncd5 Qd6 22.Qc2 Kxg7
23.Rfd1 Ba7 24.Qxf5 Qe5 25.Qg4+ Kh8 26.Ng6+ Bxg6 27.Qxg6 Qg7 28.Qxg7+ Kxg7
29.Nc7 Rxd1+ 30.Rxd1 Ne5 31.Rb1 {#r} 1-0

[Event "17th BCC Open 2018"]
[Site "Bangkok THA"]
[Date "2017.04.10"]
[Round "3.7"]
[White "Himanshu,Sh"]
[Black "Miciano,John Marvin"]
[Result "1-0"]
[WhiteElo "2493"]
[BlackElo "2267"]

1.e4 c5 2.Nc3 Nc6 3.Nge2 d6 4.d4 cxd4 5.Nxd4 Nf6 6.g3 e6 7.Bg2 Bd7 8.Nb3 Be7
9.O-O O-O 10.Kh1 Na5 11.f4 Nc4 12.g4 b5 13.g5 Ne8 14.h4 f6 15.Qg4 g6 16.Bh3
Ng7 17.Nd4 Qb6 18.Qg1 Qb7 19.Bg2 fxg5 20.b3 b4 21.e5 Qc8 22.Nd5 exd5 23.Bxd5+
Kh8 24.bxc4 gxh4 25.Bb2 Bh3 26.Rf2 dxe5 27.fxe5 Rb8 28.e6 Qc7 29.Rf7 Rxf7
30.exf7 Bf6 31.Qf2 Nf5 32.Re1 Qd7 33.Nxf5 Bxb2 34.Re7 Qd8 35.Qe3 {#r} 1-0

[Event "17th BCC Open 2018"]
[Site "Bangkok THA"]
[Date "2017.04.10"]
[Round "3.8"]
[White "Xu,Yining"]
[Black "Wan Yunguo"]
[Result "1-0"]
[WhiteElo "2293"]
[BlackElo "2492"]

1.e4 c5 2.Nf3 Nc6 3.d4 cxd4 4.Nxd4 g6 5.c4 Nf6 6.Nc3 Nxd4 7.Qxd4 d6 8.c5 Bg7
9.Bb5+ Bd7 10.Bxd7+ Qxd7 11.cxd6 O-O 12.O-O Ne8 13.Qd5 Qxd6 14.Qxb7 Nf6 15.Rd1
Qe5 16.h3 a5 17.Be3 Rab8 18.Qa7 Rxb2 19.Bd4 Qe6 20.Nd5 Rbb8 21.Nxe7+ Kh8
22.Nd5 Nxe4 23.Qxa5 Qf5 24.Qa7 Rfe8 25.a4 Rbd8 26.Bxg7+ Kxg7 27.Nc7 Rxd1+
28.Rxd1 Re7 29.Qd4+ f6 30.Nb5 Nc5 31.Rc1 Nd3 32.Rc7 Rxc7 33.Nxc7 Nf4 34.Qxf4
{#r} 1-0

[Event "TV2 GM Open 2017"]
[Site "Fagernes NOR"]
[Date "2017.04.10"]
[Round "2.1"]
[White "Wallace,JP"]
[Black "Postny,E"]
[Result "0-1"]
[WhiteElo "2404"]
[BlackElo "2606"]

1.d4 d5 2.c4 c6 3.Nf3 Nf6 4.e3 Bf5 5.Nc3 e6 6.Nh4 Be4 7.f3 Bg6 8.Qb3 Qc7 9.Bd2
Be7 10.O-O-O a6 11.c5 Nbd7 12.Na4 e5 13.g4 O-O 14.g5 Nh5 15.dxe5 Bxg5 16.Nxg6
fxg6 17.f4 Nxf4 18.h4 Bh6 19.exf4 Bxf4 20.h5 Bxd2+ 21.Rxd2 gxh5 22.Bh3 Nxe5
23.Be6+ Kh8 24.Rxh5 g6 25.Rh1 Nf3 26.Rd3 Qf4+ 27.Kd1 Ng5 28.Bh3 Ne4 29.Rf1
Nf2+ 30.Kc2 Qe4 31.Qc3+ Kg8 32.Rxf2 Rxf2+ 33.Kb3 Raf8 34.Re3 Qxe3 35.Qxe3 R2f3
36.Be6+ Kg7 37.Qxf3 Rxf3+ 38.Kb4 Re3 39.Bc8 Re8 40.Bd7 Re7 41.Bc8 h5 42.Ka5 d4
43.Kb4 g5 44.Kc4 g4 45.Kxd4 g3 46.Bh3 Re2 47.Nc3 Rxb2 {#R} 0-1

[Event "TV2 GM Open 2017"]
[Site "Fagernes NOR"]
[Date "2017.04.10"]
[Round "2.6"]
[White "Aradhya,Garg"]
[Black "Nihal,Sarin"]
[Result "0-1"]
[WhiteElo "2315"]
[BlackElo "2424"]

1.d4 Nf6 2.c4 e6 3.Nf3 d5 4.Nc3 dxc4 5.e4 Bb4 6.Bxc4 Nxe4 7.O-O Nxc3 8.bxc3
Be7 9.Qe2 O-O 10.Rd1 Nd7 11.Bd3 Nf6 12.Ne5 c5 13.h4 cxd4 14.cxd4 Bd7 15.Rb1
Ba4 16.Re1 b6 17.Nxf7 Rxf7 18.Qxe6 Bd7 19.Qb3 Bc6 20.Bc4 Bd5 21.Bg5 Bxc4
22.Qxc4 Qd5 23.Qc2 h6 {#R} 0-1

[Event "TV2 GM Open 2017"]
[Site "Fagernes NOR"]
[Date "2017.04.10"]
[Round "2.7"]
[White "Vovk,A"]
[Black "Jarvenpaa,J"]
[Result "1-0"]
[WhiteElo "2636"]
[BlackElo "2244"]

1.e4 e6 2.d4 d5 3.Nd2 Nf6 4.e5 Nfd7 5.c3 c5 6.Bd3 Nc6 7.Ne2 cxd4 8.cxd4 Qb6
9.Nf3 f6 10.exf6 Nxf6 11.O-O Bd6 12.Nc3 O-O 13.h3 Bd7 14.Re1 Rae8 15.Be3 Qd8
16.Rc1 Re7 17.a3 Be8 18.b4 Bh5 19.Be2 a5 20.b5 Nb8 21.Qb3 Nbd7 22.Na4 Ree8
23.Nc5 Nxc5 24.dxc5 Bb8 25.b6 Ne4 26.c6 bxc6 27.Rxc6 Kh8 28.b7 Qd7 29.Rec1
Bxf3 30.Bxf3 Nd6 31.Bh5 g6 32.Bg4 Nc4 33.Bd4+ Kg8 34.R1xc4 dxc4 35.Qxc4 Kf7
36.Bb2 Re7 37.Qc3 Qxb7 38.Bxe6+ Rxe6 39.Qg7+ Ke8 40.Rxe6+ {#r} 1-0

[Event "TV2 GM Open 2017"]
[Site "Fagernes NOR"]
[Date "2017.04.10"]
[Round "2.9"]
[White "Urkedal,F"]
[Black "Haugli,P"]
[Result "1-0"]
[WhiteElo "2552"]
[BlackElo "2257"]

1.d4 Nf6 2.c4 g6 3.Nc3 Bg7 4.e4 d6 5.Nf3 O-O 6.h3 e5 7.d5 a5 8.g4 Na6 9.Be3
Nd7 10.a3 Nac5 11.Rg1 a4 12.Nd2 Kh8 13.Qc2 f5 14.gxf5 gxf5 15.exf5 Nf6 16.Be2
e4 17.O-O-O Bxf5 18.Rg3 Nd3+ 19.Kb1 Qe7 20.Rdg1 Rf7 21.f3 Nc5 22.Bxc5 dxc5
23.fxe4 Bg6 24.h4 Re8 25.Bf3 Bh6 26.h5 Nxh5 27.Rxg6 hxg6 28.Rxg6 Bxd2 29.Bxh5
Bf4 30.Re6 Qf8 31.Rxe8 Qxe8 32.Qf2 Kg7 33.Qxf4 {#r} 1-0

[Event "TV2 GM Open 2017"]
[Site "Fagernes NOR"]
[Date "2017.04.10"]
[Round "2.10"]
[White "Couso,L"]
[Black "Greenfeld,A"]
[Result "0-1"]
[WhiteElo "2287"]
[BlackElo "2550"]

1.c4 Nf6 2.g3 c5 3.Bg2 Nc6 4.Nc3 e6 5.Nf3 Be7 6.d4 d5 7.cxd5 Nxd5 8.O-O O-O
9.Rb1 h6 10.e4 Nb6 11.dxc5 Bxc5 12.Bf4 Qe7 13.e5 Rd8 14.Qe2 Nd5 15.Bd2 Nxc3
16.bxc3 Qc7 17.Rfd1 b6 18.h4 Bb7 19.Nh2 Ne7 20.Bxb7 Qxb7 21.Bf4 Ng6 22.Bxh6
gxh6 23.Ng4 Kg7 24.Nf6 Qc7 25.Re1 Qxe5 26.Qxe5 Nxe5 27.Nh5+ Kf8 28.Rxe5 Rd2
29.Rf1 Rad8 30.a4 Ra2 31.Re4 Rd3 32.Kg2 Rxc3 33.Nf6 Rd3 34.Rg4 Rd4 35.Rg8+ Ke7
36.Ng4 h5 37.Ne3 Rdd2 38.Kf3 Rxa4 39.Rg5 Bxe3 40.Kxe3 Rd5 41.Rxd5 exd5 42.f3
a5 43.Rd1 Ke8 {#R} 0-1

[Event "TV2 GM Open 2017"]
[Site "Fagernes NOR"]
[Date "2017.04.10"]
[Round "2.13"]
[White "Ranaldi,Lucas"]
[Black "Dahl,Trygve"]
[Result "0-1"]
[WhiteElo "2309"]
[BlackElo "2099"]

1.d4 Nf6 2.Nf3 g6 3.c4 Bg7 4.Nc3 O-O 5.g3 d6 6.Bg2 Nc6 7.O-O e5 8.d5 Ne7 9.e4
Nd7 10.Ne1 f5 11.Nd3 Nf6 12.b4 fxe4 13.Nxe4 Nxe4 14.Bxe4 Bh3 15.Re1 Nf5 16.g4
Nd4 17.Re3 Qh4 18.Rg3 h5 19.Ne1 hxg4 20.Bg2 Qf6 21.Bxh3 Qxf2+ 22.Kh1 gxh3
23.Be3 Qxe3 24.Nc2 Qe4+ {#R} 0-1

[Event "TV2 GM Open 2017"]
[Site "Fagernes NOR"]
[Date "2017.04.10"]
[Round "2.17"]
[White "Gronnestad,A"]
[Black "Laverton,C"]
[Result "1-0"]
[WhiteElo "1966"]
[BlackElo "2159"]

1.d4 f5 2.c4 e6 3.g3 Nf6 4.Bg2 d5 5.Nf3 c6 6.O-O Bd6 7.b3 Qe7 8.a4 a5 9.Bb2
O-O 10.Na3 b6 11.Nc2 Bb7 12.Nce1 Na6 13.Nd3 Nb4 14.Nfe5 Rac8 15.Rc1 c5 16.Nxb4
axb4 17.e3 g6 18.Qe2 Ne4 19.Rfd1 Rfd8 20.f3 Nf6 21.Rc2 Bb8 22.Qf2 Nd7 23.Nxd7
Rxd7 24.dxc5 bxc5 25.Rcd2 Rcd8 26.Bf1 dxc4 27.Rxd7 Rxd7 28.Rxd7 Qxd7 29.Bxc4
Qd1+ 30.Kg2 Bd5 31.a5 g5 32.h3 h5 33.Qf1 Qc2+ 34.Qf2 Qd1 35.Qf1 Qxf1+ 36.Kxf1
Bxc4+ 37.bxc4 Bxg3 38.f4 gxf4 39.a6 fxe3 40.a7 {#r} 1-0

[Event "TV2 IM 2017"]
[Site "Fagernes NOR"]
[Date "2017.04.10"]
[Round "2.1"]
[White "Nyland,T"]
[Black "Mihajlov,Seb"]
[Result "0-1"]
[WhiteElo "2104"]
[BlackElo "2367"]

1.e4 e6 2.d4 d5 3.exd5 exd5 4.Bd3 Nc6 5.c3 Bd6 6.Nf3 Bg4 7.O-O Nge7 8.b4 Qd7
9.Na3 a5 10.bxa5 Nxa5 11.Nb5 O-O 12.Nxd6 cxd6 13.Bg5 f6 14.Bf4 Nc4 15.h3 Bf5
16.Bxf5 Qxf5 17.Bg3 Ra3 18.Nd2 Qd7 19.Qc2 f5 20.Bf4 Ng6 21.Nxc4 dxc4 22.Bc1
Ra5 23.Rb1 f4 24.f3 Rg5 25.Kh2 Nh4 26.Rf2 Rxg2+ 27.Rxg2 Nxf3+ 28.Kh1 Qxh3+
{#R} 0-1

[Event "TV2 IM 2017"]
[Site "Fagernes NOR"]
[Date "2017.04.10"]
[Round "2.2"]
[White "Getz,N"]
[Black "Pruijssers,R"]
[Result "0-1"]
[WhiteElo "2403"]
[BlackElo "2504"]

1.d4 f5 2.c4 Nf6 3.g3 d6 4.Nf3 g6 5.Bg2 Bg7 6.O-O O-O 7.Nc3 Nc6 8.d5 Ne5
9.Nxe5 dxe5 10.c5 e4 11.Qb3 Kh8 12.Rd1 Rb8 13.Qa3 a6 14.f3 exf3 15.Bxf3 e5
16.dxe6 Qe7 17.Bf4 Bxe6 18.Qa5 Ne8 19.h4 h6 20.Kg2 g5 21.hxg5 hxg5 22.Rh1+ Kg8
23.Nd5 Qf7 24.Nxc7 gxf4 25.Nxe6 Qxe6 26.Rad1 Nf6 27.Rd6 Qe7 28.gxf4 Ne4 29.Qb6
Rf7 30.Rhd1 Qh4 31.Rd8+ Bf8 32.Bxe4 fxe4 {#R} 0-1

[Event "ch-FAI 2017"]
[Site "Runavik FAI"]
[Date "2017.04.10"]
[Round "1.1"]
[White "Poulsen,Ma"]
[Black "Rodgaard,J"]
[Result "0-1"]
[WhiteElo "2222"]
[BlackElo "2335"]

1.g3 d5 2.Bg2 Nf6 3.d3 b6 4.c3 Bb7 5.Bg5 Nbd7 6.Qa4 e6 7.e4 dxe4 8.Bxf6 Qxf6
9.Bxe4 O-O-O 10.Bxb7+ Kxb7 11.Qe4+ c6 12.b4 Bxb4 13.d4 Bd6 14.f4 g5 15.fxg5
Qxg5 16.Nd2 Nf6 17.Qe2 Bxg3+ 18.hxg3 Qxg3+ 19.Kf1 Qxc3 20.Nb3 Rd5 21.Rh3 Rf5+
22.Nf3 Nd5 23.Rc1 Qb4 24.Qd2 Qd6 25.Ke1 Rg8 26.Kd1 Nf4 27.Rh2 Ng6 28.Rh3 h5
29.Kc2 Qd5 30.Rf1 Nf4 31.Rh2 Qc4+ 32.Kb2 Qxf1 33.Ne5 Rg2 34.Rxg2 Qxg2 {#R} 0-1

[Event "ch-KAZ Women 2017"]
[Site "Almaty KAZ"]
[Date "2017.04.10"]
[Round "8.3"]
[White "Rysbayeva,K"]
[Black "Karabayeva,Z"]
[Result "0-1"]
[WhiteElo "2043"]
[BlackElo "2066"]

1.e4 b6 2.d4 Bb7 3.Bd3 g6 4.Nf3 Bg7 5.Qe2 e6 6.e5 d5 7.O-O Ne7 8.Re1 O-O 9.Bg5
c5 10.c3 Nbc6 11.a3 Qd7 12.Qe3 cxd4 13.cxd4 Nf5 14.Bxf5 exf5 15.Nc3 Rae8
16.Qf4 Nd8 17.Bf6 Ne6 18.Qh4 h6 19.Bxg7 Kxg7 20.Qf6+ Kh7 21.a4 a6 22.h4 Rc8
23.h5 Rg8 24.g3 Rc6 25.hxg6+ fxg6 26.Qh4 g5 27.Qh5 Rg6 28.Rad1 g4 29.Qxf5 gxf3
30.Re3 Rc8 31.Qxf3 Rf8 32.Qh1 Ng5 33.Kg2 Qg4 34.Rc1 Qxd4 35.Rc2 Qg4 36.Kf1 Rg7
37.Nxd5 Qd1+ 38.Re1 Qxd5 39.Qxd5 Bxd5 40.Rd2 Be6 41.Rd6 Rf3 42.Rxb6 Rgf7
43.Ke2 Rxf2+ 44.Kd1 Rc7 45.Re3 Rcc2 {#R} 0-1

[Event "ch-KAZ Women 2017"]
[Site "Almaty KAZ"]
[Date "2017.04.10"]
[Round "8.4"]
[White "Mukhit,Aisezym"]
[Black "Abdumalik,Z"]
[Result "0-1"]
[WhiteElo "2016"]
[BlackElo "2442"]

1.d4 Nf6 2.c4 d6 3.Nc3 Bf5 4.Nf3 g6 5.g3 Bg7 6.Bg2 Ne4 7.Nxe4 Bxe4 8.O-O O-O
9.Be3 c5 10.Qd2 Qb6 11.Rad1 Nc6 12.b3 a5 13.dxc5 dxc5 14.Bh6 Rfd8 15.Qe3 Bxf3
16.Bxf3 Bxh6 17.Qxh6 Nd4 18.Qe3 e6 19.Qe4 Rd7 20.Qb1 Rad8 21.Kg2 Qb4 22.e3
Nxf3 23.Kxf3 Rd2 24.Rxd2 Qxd2 25.Qe4 b6 26.Qc6 Rd6 27.Qc7 Kg7 28.h4 h5 29.Kg2
e5 30.e4 Re6 31.Qb8 Qc2 32.Qa8 Qxa2 33.Rd1 Rf6 34.Rf1 Qxb3 35.Qd5 Qb2 36.Qd7
Qd4 37.Qd5 Rd6 {#R} 0-1

[Event "ch-Moscow Final 2017"]
[Site "Moscow RUS"]
[Date "2017.04.09"]
[Round "9.2"]
[White "Savenkov,K"]
[Black "Gavrilov,Al1"]
[Result "0-1"]
[WhiteElo "2324"]
[BlackElo "2487"]

1.e4 c6 2.d4 d5 3.Nd2 dxe4 4.Nxe4 Bf5 5.Ng3 Bg6 6.N1e2 Nf6 7.Nf4 Nbd7 8.h4 e5
9.Qe2 Bxc2 10.dxe5 Qa5+ 11.Bd2 Qxe5 12.Qxe5+ Nxe5 13.Bc3 Bd6 14.Kd2 Bg6 15.h5
Neg4 16.Nxg6 fxg6 17.hxg6 O-O-O 18.Bxf6 Nxf6 19.Nf5 Bc5+ 20.Bd3 Ne4+ 21.Kc2
Nxf2 22.Rxh7 Nxd3 23.Nxg7 Nb4+ 24.Kb3 Rd3+ 25.Kc4 Bf8 26.a4 Bxg7 27.Kxb4 Rg8
28.Rf1 Rg3 29.Rf7 Rxg6 30.a5 a6 31.Kc5 Rxg2 32.b4 Rg5+ 33.Kc4 Rg3 34.Kc5 Rg4
35.Kd6 Bf8+ 36.Ke6 Rxb4 37.Rf5 Rb5 {#R} 0-1

[Event "ch-Moscow Final 2017"]
[Site "Moscow RUS"]
[Date "2017.04.09"]
[Round "9.6"]
[White "Geivondian,Arman"]
[Black "Kozionov,Kirill"]
[Result "0-1"]
[WhiteElo "2388"]
[BlackElo "2440"]

1.d4 Nf6 2.Nf3 e6 3.c4 c5 4.e3 g6 5.b3 Bg7 6.Bb2 O-O 7.Be2 d6 8.O-O Qe7 9.Nc3
Na6 10.e4 b6 11.e5 Ne8 12.Nb5 Bb7 13.dxc5 dxe5 14.cxb6 e4 15.Bxg7 Nxg7 16.bxa7
Rad8 17.Qc1 exf3 18.Bxf3 Bxf3 19.gxf3 Nf5 20.Kh1 Nc5 21.Rd1 Qb7 22.Qc3 e5
23.b4 Ne6 24.Rxd8 Rxd8 25.Qa3 Nfd4 26.Rc1 Nxf3 27.Nd6 Qa8 28.Qa6 Nc7 29.Qb7
Rxd6 30.Qxa8+ Nxa8 31.c5 Ra6 32.b5 Rxa7 33.b6 Rb7 34.Rb1 Nd4 35.a4 Ne6 36.Rb5
Nxc5 37.Rxc5 Nxb6 38.Rb5 Rb8 39.a5 Nd7 40.Rd5 Rb7 41.Kg2 Kf8 42.Kf3 Ke7 43.Ke3
Ke6 44.Rd3 Ra7 45.Ra3 Ra6 46.Kd3 Kd5 47.Kc3 Nb8 {#R} 0-1

[Event "ch-Moscow Final 2017"]
[Site "Moscow RUS"]
[Date "2017.04.09"]
[Round "9.7"]
[White "Ageichenko,G"]
[Black "Kovalev,Eg"]
[Result "1-0"]
[WhiteElo "2264"]
[BlackElo "2291"]

1.e4 b6 2.d4 Bb7 3.Nc3 e6 4.a3 Nf6 5.Bd3 Be7 6.Nf3 d5 7.Qe2 c5 8.exd5 exd5
9.Bg5 O-O 10.O-O-O c4 11.Rhe1 Re8 12.Bxh7+ Nxh7 13.Bxe7 Qd7 14.Qe5 Nc6 15.Qxd5
Rxe7 16.Rxe7 Qxe7 17.Re1 Qf6 18.Qd7 Na5 19.d5 Qd8 20.Qf5 Qd6 21.g4 Qf6 22.Qe4
Ng5 23.Nxg5 Qxg5+ 24.Kb1 Rd8 25.h4 Qg6 26.Qd4 Qf6 27.Qe4 Qxf2 28.g5 Qc5 29.g6
Rf8 30.h5 Qd6 31.Rg1 f5 32.Qh4 Qd8 33.Qf4 Qb8 34.d6 Rf6 35.Rd1 Be4 36.h6 Rxg6
37.hxg7 Rxg7 38.Nxe4 fxe4 39.Qxe4 Nb7 40.Qe6+ {#r} 1-0

[Event "ch-Moscow Final 2017"]
[Site "Moscow RUS"]
[Date "2017.04.09"]
[Round "9.8"]
[White "Paravyan,D"]
[Black "Gluhovsky,Mark"]
[Result "1-0"]
[WhiteElo "2534"]
[BlackElo "2262"]

1.d4 Nf6 2.c4 g6 3.Nc3 Bg7 4.e4 d6 5.Nf3 O-O 6.Be2 e5 7.d5 a5 8.Bg5 Na6 9.Nd2
h6 10.Be3 Nc5 11.a3 Ne8 12.b4 axb4 13.axb4 Rxa1 14.Qxa1 Na6 15.Qa3 f5 16.O-O
Nf6 17.f3 Nh5 18.Rb1 Bf6 19.Nb3 Bg5 20.Bf2 Nf4 21.Bf1 fxe4 22.Nxe4 Bf5 23.Re1
Nb8 24.Qa2 Nd7 25.c5 Nf6 26.Nbd2 Kg7 27.Qa7 N4xd5 28.Nxg5 hxg5 29.Qxb7 Qb8
30.Qxb8 Rxb8 31.b5 Nc3 32.b6 cxb6 33.cxd6 Nd7 34.Nc4 Rd8 35.Nxe5 Nxe5 36.Bd4
Kf8 37.Bxe5 Nd5 38.Bc4 Nf4 39.Bf6 Rc8 40.Be7+ Kg7 41.Bb5 Rc2 42.d7 Rxg2+
43.Kh1 Bxd7 44.Bxd7 Rd2 45.Bxg5 {#r} 1-0

[Event "ch-Moscow Final 2017"]
[Site "Moscow RUS"]
[Date "2017.04.09"]
[Round "9.10"]
[White "Yeletsky,Ivan"]
[Black "Kovtunenko,A"]
[Result "1-0"]
[WhiteElo "2367"]
[BlackElo "2097"]

1.e4 c5 2.Nf3 d6 3.d4 cxd4 4.Nxd4 Nf6 5.Nc3 a6 6.Bg5 Nbd7 7.Qe2 Qc7 8.O-O-O e6
9.f4 b5 10.a3 Rb8 11.g4 b4 12.axb4 Rxb4 13.Bg2 Qb6 14.Nb3 Be7 15.Rhe1 O-O
16.Bh4 a5 17.e5 dxe5 18.fxe5 Ba6 19.Qf3 a4 20.exf6 Nxf6 21.Bf2 Qb8 22.Nc5 Bxc5
23.Bxc5 Rxb2 24.Bxf8 Kxf8 25.Qa8 Qxa8 26.Bxa8 a3 27.Rd6 Bc4 28.g5 Ke7 29.Rd4
Ba6 {#r} 1-0

[Event "ch-Moscow Final 2017"]
[Site "Moscow RUS"]
[Date "2017.04.09"]
[Round "9.11"]
[White "Denishev,M"]
[Black "Kurdakov,Y"]
[Result "1-0"]
[WhiteElo "2333"]
[BlackElo "2152"]

1.d4 e6 2.Nf3 Nf6 3.Bf4 Nh5 4.e3 Nxf4 5.exf4 c5 6.Nc3 cxd4 7.Qxd4 Nc6 8.Qd2 a6
9.g3 Bb4 10.Bg2 Bxc3 11.Qxc3 Qa5 12.Qxa5 Nxa5 13.O-O-O Ke7 14.Rhe1 d6 15.f5
Nc6 16.Ng5 e5 17.f4 f6 18.Ne4 Rd8 19.fxe5 Nxe5 20.Nc3 Rb8 21.g4 Bd7 22.h3 Bc6
23.Bd5 g5 24.Rd4 Rh8 25.Red1 h5 26.Bxc6 bxc6 27.Rxd6 hxg4 28.hxg4 Rbd8 29.Re6+
Kf7 30.Rxd8 Rxd8 31.Ne4 Nxg4 32.Rxc6 a5 33.c3 a4 34.b4 a3 35.b5 Ne3 36.Rxf6+
Ke7 37.Re6+ Kf8 38.Nd6 Nd5 39.Kc2 Nf4 40.Rh6 Kg7 41.f6+ Kxh6 42.Nf7+ Kg6
43.Nxd8 g4 44.b6 {#r} 1-0

[Event "ch-Moscow Women 2017"]
[Site "Moscow RUS"]
[Date "2017.04.09"]
[Round "9.2"]
[White "Fominykh,M"]
[Black "Drozdova,D"]
[Result "1-0"]
[WhiteElo "2301"]
[BlackElo "2196"]

1.d4 Nf6 2.Nf3 e6 3.e3 b6 4.Be2 Bb7 5.O-O c5 6.c4 Be7 7.Nc3 cxd4 8.Nxd4 a6
9.b3 O-O 10.Bb2 Qc7 11.Bf3 d6 12.Bxb7 Qxb7 13.Qf3 Qxf3 14.gxf3 Rc8 15.Rfd1 Kf8
16.Rd2 Nbd7 17.Kf1 Rc7 18.f4 g6 19.e4 Nc5 20.f3 Rb8 21.f5 e5 22.Nc2 b5 23.cxb5
axb5 24.Nb4 Rcc8 25.Rad1 Ncd7 26.Ncd5 Nxd5 27.Nxd5 Bg5 28.Rg2 Bd8 29.Ba3 Nc5
30.Bb4 Ra8 31.Nc3 Be7 32.Nxb5 Rab8 33.a4 Nxb3 34.f6 Bxf6 35.Bxd6+ Be7 36.Bxb8
Rxb8 37.Ra2 Ra8 38.Rd7 Nc5 39.Ra7 Rb8 40.Nc3 Nd3 41.Rd2 Bc5 42.Rd7 Nb4 43.Rd8+
Rxd8 44.Rxd8+ Ke7 45.Rb8 Nc6 {#r} 1-0

[Event "17th BCC Open 2018"]
[Site "Bangkok THA"]
[Date "2017.04.09"]
[Round "2.1"]
[White "Wang Hao"]
[Black "Sekar,B"]
[Result "1-0"]
[WhiteElo "2690"]
[BlackElo "2225"]

1.e4 c5 2.Nf3 d6 3.d4 cxd4 4.Nxd4 Nf6 5.Nc3 a6 6.h3 e6 7.g4 Be7 8.g5 Nfd7 9.h4
b5 10.a3 Bb7 11.Be3 Nb6 12.f4 Na4 13.Nxa4 Bxe4 14.Nxb5 O-O 15.Rh2 axb5 16.Nc3
Bc6 17.h5 e5 18.h6 g6 19.Bxb5 Bxb5 20.Nxb5 Nc6 21.Qd5 Nb4 22.Qd2 Qa5 23.Nc3
exf4 24.Bxf4 Rfc8 25.Rd1 Qc5 26.axb4 {#r} 1-0

[Event "17th BCC Open 2018"]
[Site "Bangkok THA"]
[Date "2017.04.09"]
[Round "2.4"]
[White "Saeheng,B"]
[Black "Goganov,A"]
[Result "0-1"]
[WhiteElo "2212"]
[BlackElo "2605"]

1.e4 e5 2.Nf3 Nc6 3.Bb5 a6 4.Ba4 Nf6 5.O-O Be7 6.d3 d6 7.c3 O-O 8.h3 Re8 9.Re1
Bf8 10.Nbd2 b5 11.Bb3 Bb7 12.a4 Qd7 13.Nf1 g6 14.Ng3 Bg7 15.Be3 Na5 16.Bc2 c5
17.Qc1 Nc6 18.Nh2 Nd8 19.f4 exf4 20.Bxf4 Ne6 21.Bh6 Bh8 22.Nf3 Qc7 23.Qd2 d5
24.Qf2 dxe4 25.dxe4 Nd7 26.Nf1 c4 27.axb5 axb5 28.Rxa8 Bxa8 29.Nd4 Qb6 30.Be3
Nec5 31.Nd2 Qb8 32.Rf1 f6 33.Qh4 Bg7 34.Bh6 Bxh6 35.Qxh6 Nxe4 36.N2f3 Qb6
37.Re1 Ndc5 38.Nh2 Ne6 39.Nf3 f5 40.Re3 Nxd4 41.Nxd4 Qb8 42.Bd1 f4 43.Rxe4
Bxe4 44.h4 Qe5 45.h5 Bd3 {#R} 0-1

[Event "17th BCC Open 2018"]
[Site "Bangkok THA"]
[Date "2017.04.09"]
[Round "2.5"]
[White "Rozum,I"]
[Black "Nordenbaek,J"]
[Result "1-0"]
[WhiteElo "2600"]
[BlackElo "2185"]

1.d4 d5 2.c4 c6 3.Nf3 Nf6 4.e3 e6 5.Bd3 Nbd7 6.b3 c5 7.O-O Be7 8.Nc3 O-O
9.cxd5 exd5 10.Bb2 b6 11.Qe2 Bb7 12.Ba6 Qc8 13.Bxb7 Qxb7 14.Rfd1 Rfd8 15.Rac1
a6 16.Qd3 Rac8 17.dxc5 Nxc5 18.Qf5 b5 19.Ne5 g6 20.Qf3 b4 21.Ne2 Nce4 22.Ng4
Nxg4 23.Qxg4 f5 24.Qf4 Bd6 25.Be5 Be7 26.g4 Ng5 27.Qg3 Qd7 28.h3 fxg4 29.hxg4
Ne4 30.Qg2 Bh4 31.Rxc8 Qxc8 32.f3 Qe6 33.Bc7 Rf8 34.Nf4 Qf7 35.fxe4 Qxc7
36.Ne6 Qb6 37.Nxf8 Qxe3+ {#r} 1-0

[Event "17th BCC Open 2018"]
[Site "Bangkok THA"]
[Date "2017.04.09"]
[Round "2.7"]
[White "Sengupta,D"]
[Black "Fronda,J"]
[Result "1-0"]
[WhiteElo "2583"]
[BlackElo "2176"]

1.e4 c5 2.Nf3 e6 3.d4 cxd4 4.Nxd4 Nc6 5.Nc3 a6 6.Nxc6 bxc6 7.Bd3 Qc7 8.O-O Nf6
9.Bg5 Be7 10.Qe2 h6 11.Bd2 d5 12.Rae1 Bb7 13.e5 Nd7 14.Na4 c5 15.c4 Bc6 16.b3
dxc4 17.Bxc4 Qb7 18.f4 g6 19.Rc1 h5 20.Rc3 Be4 21.Rfc1 h4 22.h3 Rg8 23.Bd3 Bd5
24.R3c2 g5 25.Nc3 Bc6 26.f5 Qb8 27.fxe6 fxe6 28.Bh7 Rg7 29.Be4 Nxe5 30.Qh5+
Kd7 31.Rd1 Kc7 32.Bf4 Kb7 33.Bxc6+ Kxc6 34.Bxe5 Qxe5 35.Qf3+ Kb6 36.Qxa8 Bd6
37.Rxd6+ Qxd6 38.Na4+ Ka5 39.Rxc5+ Kb4 40.Qe4+ Ka3 41.Qe1 Qg3 42.Qc1+ Kb4
43.a3+ {#r} 1-0

[Event "17th BCC Open 2018"]
[Site "Bangkok THA"]
[Date "2017.04.09"]
[Round "2.8"]
[White "Reilly,T"]
[Black "Bindrich,F"]
[Result "0-1"]
[WhiteElo "2205"]
[BlackElo "2582"]

1.d4 Nf6 2.c4 e6 3.Nc3 Bb4 4.e3 O-O 5.Bd3 d5 6.cxd5 exd5 7.Ne2 Re8 8.O-O Bd6
9.h3 b6 10.Bd2 c5 11.Rc1 Bb7 12.dxc5 bxc5 13.Qa4 Nc6 14.a3 Ne5 15.Bb5 Re7
16.Ng3 a6 17.Be2 d4 18.exd4 cxd4 19.Nf5 dxc3 20.Nxe7+ Qxe7 21.Bxc3 Ne4 22.Bd4
Nd2 {#R} 0-1

[Event "17th BCC Open 2018"]
[Site "Bangkok THA"]
[Date "2017.04.09"]
[Round "2.11"]
[White "Thompson,I"]
[Black "Himanshu,Sh"]
[Result "0-1"]
[WhiteElo "2160"]
[BlackElo "2493"]

1.c4 e5 2.g3 Nf6 3.Bg2 d5 4.cxd5 Nxd5 5.Nf3 Nc6 6.O-O Nb6 7.b3 g6 8.Nc3 Bg7
9.Ba3 a5 10.Rc1 Nb4 11.d3 O-O 12.Qd2 Re8 13.Rfd1 c6 14.e4 Bg4 15.Bb2 Nd7
16.Qe3 Qe7 17.a3 Na6 18.Nb1 c5 19.Nc3 Nc7 20.Re1 Bxf3 21.Bxf3 h5 22.Nd5 Nxd5
23.exd5 Qd6 24.Bg2 Kh7 25.Rc2 Rac8 26.Rce2 Nb6 27.Qd2 Nxd5 28.Qxa5 Re6 29.Qb5
Rc7 30.b4 Nb6 31.bxc5 Rxc5 32.Qb3 Qd7 33.d4 Rb5 34.Qc2 exd4 35.Rxe6 fxe6
36.Bc1 d3 37.Qd1 Nd5 38.Bf1 Nc3 39.Qd2 Rd5 {#R} 0-1

[Event "17th BCC Open 2018"]
[Site "Bangkok THA"]
[Date "2017.04.09"]
[Round "2.14"]
[White "Toh,J"]
[Black "Dai,Changren"]
[Result "0-1"]
[WhiteElo "2144"]
[BlackElo "2438"]

1.e4 c5 2.c4 Nc6 3.Nc3 g6 4.g3 Bg7 5.Bg2 e6 6.Nge2 Nge7 7.a3 O-O 8.O-O d6 9.d3
Nd4 10.Rb1 b6 11.Nxd4 cxd4 12.Ne2 Bb7 13.b4 Qd7 14.h4 e5 15.Kh2 f5 16.Bh3 Qc7
17.f3 b5 18.Bg5 bxc4 19.Bxe7 Qxe7 20.exf5 gxf5 21.dxc4 Kh8 22.Qe1 Rae8 23.Qf2
d3 24.Nc1 e4 25.Nxd3 exd3 26.Rbe1 Qe2 {#R} 0-1

[Event "17th BCC Open 2018"]
[Site "Bangkok THA"]
[Date "2017.04.09"]
[Round "2.16"]
[White "Secopito,Catherine"]
[Black "Bersamina,Paulo"]
[Result "0-1"]
[WhiteElo "2116"]
[BlackElo "2417"]

1.d4 Nf6 2.Nf3 d6 3.e3 Nbd7 4.b3 g6 5.Bb2 Bg7 6.Bd3 O-O 7.O-O e5 8.Nbd2 Qe7
9.e4 exd4 10.Bxd4 Nc5 11.Qe2 Ne6 12.Bb2 Nf4 13.Qd1 d5 14.Re1 Nxd3 15.cxd3 dxe4
16.dxe4 Rd8 17.Qc2 c5 18.Ne5 Be6 19.Ndc4 Rac8 20.Rad1 Nh5 21.Ne3 Rxd1 22.Rxd1
Nf4 23.g3 Nh3+ 24.Kg2 Qg5 25.Nf3 Nf4+ 26.Kh1 Qh5 27.Ng1 Bxb2 28.Qxb2 Nh3
29.Qf6 Nxg1 30.Kxg1 Qe2 31.e5 h5 32.Kg2 Qxa2 33.g4 Qe2 34.Rd8+ Rxd8 35.Qxd8+
Kh7 36.Qe7 Bd5+ 37.Nxd5 Qxg4+ 38.Kf1 Qd1+ 39.Kg2 Qxd5+ 40.Kg1 Qxb3 41.Qxc5 b6
42.Qe7 a5 43.Kg2 a4 44.f3 b5 45.Kg3 Qc4 46.Qa7 Qd5 47.f4 Qd3+ 48.Kh4 Qf5 {#R}
0-1